Every Class 3 Colorado Senator - Statistics

General Stats
  • This quiz has been taken 12 times
  • The average score is 7 of 20
Answer Stats
Picture Hint Answer % Correct
D(2009-) Michael Bennet
100%
D(1975-1987) Gary W. Hart
75%
D(2005-2009) Ken Salazar
75%
D(1933-1941) Alva B. Adams
50%
D(1923-1924) Alva B. Adams
50%
R(1993-2005) Ben Nighthorse Campbell
25%
D(1909-1913) Charles J. Hughes Jr.
25%
D(1913-1921) Charles S. Thomas
25%
R(1927-1932) Charles W. Waterman
25%
R(1941-1957) Eugene D. Millikin
25%
D(1885-1909) Henry M. Teller
25%
R(1876-1879) Jerome B. Chaffee
25%
D(1957-1963) John A. Carroll
25%
R(1932-1933) Karl C. Schuyler
25%
R(1879-1885) Nathaniel P. Hill
25%
R(1963-1975) Peter H. Dominick
25%
R(1924-1927) Rice W. Means
25%
R(1921-1923) Samuel D. Nicholson
25%
D(1987-1993) Timothy E. Wirth
25%
D(1932-1932) Walter Walker
25%
No matching quizzes found
Score Distribution
Percent of People with Each Score
Percentile by Number Answered
Your Score History
You have not taken this quiz